[Event "EU-ch Online U18 Girls"]
[Site "Tornelo INT"]
[Date "2020.09.19"]
[Round "5"]
[White "Moerwald, Miriam"]
[Black "Hristea, Andreea Beatrice"]
[Result "1-0"]
[WhiteElo "1743"]
[BlackElo "1283"]
[PlyCount "83"]
[EventDate "2020.09.18"]
[EventType "swiss (rapid)"]
[EventRounds "9"]
[EventCountry "ENG"]
[SourceTitle "CBM 198 Extra"]
[Source "ChessBase"]
[SourceDate "2020.11.30"]
[SourceVersion "1"]
[SourceVersionDate "2020.11.30"]
[SourceQuality "1"]

1. e4 c6 2. Nc3 d5 3. Nf3 d4 4. Ne2 Bg4 5. Nexd4 e5 6. Nb3 Nf6 7. d3 Nbd7 8. h3 Bh5 9. Be2 Bd6 10. Bg5 h6 11. Be3 Qe7 12. Qd2 Bg6 13. 0-0-0 c5 14. Na5 Nb8 15. Nc4 Nc6 16. c3 0-0 17. g4 b5 18. Nxd6 Qxd6 19. Nh4 Bh7 20. Nf5 Bxf5 21. gxf5 Rfd8 22. Bxh6 Ne8 23. Rdg1 Kh7 24. Bg5 f6 25. Bh4 c4 26. Rg3 b4 27. Rhg1 Rd7 28. Bh5 cxd3 29. Bxe8 Rxe8 30. Rg6 bxc3 31. bxc3 Qa3+ 32. Kd1 Qf8 33. R1g4 Rb8 34. Qc1 Rdb7 35. Kd2 Rb2+ 36. Ke3 Qc5+ 37. Kf3 Nd4+ 38. Kg2 d2 39. Rxg7+ Kh8 40. Bxf6 dxc1Q 41. Rh4+ Qh6 42. Rxh6# 1-0

[Event "EU-ch Online U18 Girls"]
[Site "Tornelo INT"]
[Date "2020.09.18"]
[Round "1"]
[White "Bucur, Denisa Andreea"]
[Black "Hristea, Andreea Beatrice"]
[Result "1-0"]
[WhiteElo "2063"]
[BlackElo "1283"]
[PlyCount "89"]
[EventDate "2020.09.18"]
[EventType "swiss (rapid)"]
[EventRounds "9"]
[EventCountry "ENG"]
[SourceTitle "CBM 198 Extra"]
[Source "ChessBase"]
[SourceDate "2020.11.30"]
[SourceVersion "1"]
[SourceVersionDate "2020.11.30"]
[SourceQuality "1"]

1. d4 d5 2. c4 c6 3. Nc3 Nf6 4. e3 e6 5. Nf3 Nbd7 6. Bd3 Bd6 7. e4 dxc4 8. Bxc4 b5 9. Bd3 e5 10. 0-0 Qc7 11. d5 b4 12. dxc6 bxc3 13. cxd7+ Bxd7 14. bxc3 Qxc3 15. Bg5 Ng4 16. h3 Nh6 17. Rc1 Qa5 18. Bc4 Ba3 19. Rb1 Ba4 20. Qd5 Qxd5 21. Bxd5 Rc8 22. Rb7 0-0 23. Bxh6 gxh6 24. Nxe5 Be8 25. Rxa7 Bd6 26. Ng4 Kg7 27. Rd1 h5 28. Ne3 Bc5 29. Nf5+ Kg6 30. Ne7+ Bxe7 31. Rxe7 Rc2 32. Rb1 Bc6 33. Rb6 Kf6 34. Rc7 Rc1+ 35. Kh2 Rc2 36. Rcxc6+ Rxc6 37. Rxc6+ Ke5 38. a4 Rb8 39. a5 Rb2 40. a6 Rb1 41. a7 Ra1 42. Rc7 Kd6 43. Rxf7 Ra6 44. Rf6+ Ke5 45. Rxa6 1-0

[Event "EU-ch Online U18 Girls"]
[Site "Tornelo INT"]
[Date "2020.09.18"]
[Round "3"]
[White "Jacobsen, Birgitte Brunsgaard"]
[Black "Hristea, Andreea Beatrice"]
[Result "0-1"]
[WhiteElo "1533"]
[BlackElo "1283"]
[PlyCount "72"]
[EventDate "2020.09.18"]
[EventType "swiss (rapid)"]
[EventRounds "9"]
[EventCountry "ENG"]
[SourceTitle "CBM 198 Extra"]
[Source "ChessBase"]
[SourceDate "2020.11.30"]
[SourceVersion "1"]
[SourceVersionDate "2020.11.30"]
[SourceQuality "1"]

1. d4 d5 2. Bf4 c6 3. Nf3 Nf6 4. e3 Bg4 5. Nbd2 e6 6. Bd3 Nbd7 7. c3 Be7 8. Qc2 Nh5 9. Bg3 Nxg3 10. hxg3 h6 11. Ne5 Nf6 12. f3 Bf5 13. Bxf5 exf5 14. Qxf5 0-0 15. g4 Nh7 16. f4 Bh4+ 17. Kd1 Qf6 18. Qh5 g5 19. fxg5 Bxg5 20. Nd7 Qf2 21. Nxf8 Bxe3 22. Nf3 Rxf8 23. Qh4 Qxg2 24. Qh3 Qxb2 25. Qh2 Qxa1+ 26. Ke2 Qxc3 27. g5 Re8 28. Kf1 Qc1+ 29. Kg2 Qc2+ 30. Kh3 Qxh2+ 31. Rxh2 Nxg5+ 32. Nxg5 hxg5 33. Re2 Kf8 34. Kg4 Re4+ 35. Kf5 Rf4+ 36. Ke5 Bxd4+ 0-1

[Event "FISCA Online op"]
[Site "Chess.com INT"]
[Date "2020.06.25"]
[Round "6"]
[White "Echimescu, Otilia Elena"]
[Black "Hristea, Andreea Beatrice"]
[Result "0-1"]
[WhiteElo "1061"]
[BlackElo "1283"]
[PlyCount "90"]
[EventDate "2020.06.19"]
[EventType "swiss"]
[EventRounds "9"]
[EventCountry "ROU"]
[SourceTitle "CBM 197 Extra"]
[Source "ChessBase"]
[SourceDate "2020.09.30"]
[SourceVersion "1"]
[SourceVersionDate "2020.09.30"]
[SourceQuality "1"]

1. e4 c5 2. Nf3 d6 3. d4 cxd4 4. Nxd4 Nf6 5. Nc3 a6 6. Be2 e5 7. Nf3 h6 8. 0-0 Be6 9. Be3 b5 10. Re1 Nbd7 11. Bd3 Be7 12. h3 Qc7 13. a4 b4 14. Na2 a5 15. Bd2 0-0 16. b3 Rac8 17. c4 bxc3 18. Nxc3 Nc5 19. Bc2 Qb7 20. Rb1 Na6 21. Nb5 Bd7 22. Bxa5 Bxb5 23. axb5 Qxb5 24. Bd2 Nd7 25. Be3 Nb4 26. Re2 Nc5 27. Nd2 Na2 28. Bxc5 Nc3 29. Qe1 Nxe2+ 30. Kh1 Rxc5 31. Qd1 Nc3 32. Qc1 Nxb1 33. Qxb1 Rc3 34. Qb2 Rfc8 35. Nc4 R3xc4 36. Bd3 Rc1+ 37. Kh2 Qxd3 38. f3 Qc2 39. Qxc2 R8xc2 40. b4 Rb1 41. Kg3 Rbb2 42. Kg4 Rxg2+ 43. Kh5 Rxb4 44. h4 Kh7 45. f4 g6# 0-1

[Event "FISCA Online op"]
[Site "Chess.com INT"]
[Date "2020.06.22"]
[Round "4"]
[White "Badea, Andrei Mihai"]
[Black "Hristea, Andreea Beatrice"]
[Result "0-1"]
[WhiteElo "1401"]
[BlackElo "1283"]
[PlyCount "110"]
[EventDate "2020.06.19"]
[EventType "swiss"]
[EventRounds "9"]
[EventCountry "ROU"]
[SourceTitle "CBM 197 Extra"]
[Source "ChessBase"]
[SourceDate "2020.09.30"]
[SourceVersion "1"]
[SourceVersionDate "2020.09.30"]
[SourceQuality "1"]

1. e4 c5 2. Nf3 d6 3. Bc4 e6 4. Nc3 Nf6 5. d3 Be7 6. Be3 a6 7. a4 d5 8. exd5 exd5 9. Ba2 d4 10. Ne5 0-0 11. Bxd4 cxd4 12. Ne2 Qa5+ 13. c3 Qxe5 14. cxd4 Bb4+ 15. Kf1 Qe7 16. Rc1 Be6 17. Bxe6 fxe6 18. Qc2 Ng4 19. Qc7 Nc6 20. Qxe7 Nxe7 21. f3 Ne3+ 22. Kf2 N7d5 23. g3 Rac8 24. Nf4 Nc2 25. Nxe6 Rfe8 26. Nc5 Nxd4 27. Ne4 Nb3 28. Rc4 Nd2 29. Rd4 Rc2 30. Rxd5 Nxe4+ 31. Ke3 Nf6+ 32. Kd4 Nxd5 33. Kxd5 Rd8+ 34. Ke4 Re2+ 35. Kf4 Rxd3 36. Kg4 Rxb2 37. Rc1 Rxh2 38. Rc8+ Bf8 39. Rc7 Rd4+ 40. f4 Rxa4 41. Rxb7 Rg2 42. Rb3 a5 43. Rf3 Re4 44. Kh3 Rge2 45. f5 a4 46. f6 gxf6 47. g4 R2e3 48. Rxe3 Rxe3+ 49. Kg2 a3 50. g5 fxg5 51. Kf2 Rb3 52. Ke2 a2 53. Kd2 a1Q 54. Kc2 Qa2+ 55. Kc1 Rb1# 0-1

[Event "ROM-ch U18 Girls"]
[Site "Calimanesti Caciulata"]
[Date "2019.04.16"]
[Round "2"]
[White "Hristea, Andreea Beatrice"]
[Black "Balan, Briana Cleopatra"]
[Result "0-1"]
[WhiteElo "1231"]
[BlackElo "1883"]
[PlyCount "64"]
[EventDate "2019.04.15"]
[EventType "swiss"]
[EventRounds "9"]
[EventCountry "ROU"]
[SourceTitle "CBM 190 Extra"]
[Source "ChessBase"]
[SourceDate "2019.07.15"]
[SourceVersion "1"]
[SourceVersionDate "2019.07.15"]
[SourceQuality "1"]

1. e4 c5 2. Nf3 e6 3. d4 cxd4 4. Nxd4 a6 5. c4 Nf6 6. Nc3 Bb4 7. Bd3 Nc6 8. Nc2 Bxc3+ 9. bxc3 Qa5 10. Qd2 0-0 11. Ba3 Rd8 12. Bd6 Ne8 13. c5 b6 14. Nb4 bxc5 15. Nxc6 dxc6 16. e5 Nxd6 17. exd6 c4 18. Bxc4 Qe5+ 19. Qe3 Qxd6 20. 0-0 a5 21. Qe2 Qc5 22. Rfd1 Bb7 23. Rab1 Qe7 24. Qe3 c5 25. Qe2 Qc7 26. Bb5 h6 27. a4 Rd5 28. Rd3 Rad8 29. Rbd1 Bc6 30. Qb2 Rxd3 31. Rxd3 Rxd3 32. Bxd3 Bxa4 0-1

[Event "ROM-ch U16 Girls"]
[Site "Calimanesti"]
[Date "2018.04.03"]
[Round "9"]
[White "Pelin, Ana Maria"]
[Black "Hristea, Andreea Beatrice"]
[Result "1-0"]
[WhiteElo "1651"]
[BlackElo "1119"]
[PlyCount "151"]
[EventDate "2018.03.27"]
[EventType "swiss"]
[EventRounds "9"]
[EventCountry "ROU"]
[SourceTitle "CBM 183 Extra"]
[Source "ChessBase"]
[SourceDate "2018.04.19"]
[SourceVersion "1"]
[SourceVersionDate "2018.04.19"]
[SourceQuality "1"]

1. d4 e6 2. Nf3 Nf6 3. c4 d5 4. Nc3 Bb4 5. e3 b6 6. Bd3 dxc4 7. Bxc4 Bb7 8. 0-0 0-0 9. a3 Be7 10. b3 Nbd7 11. Bb2 c5 12. dxc5 Nxc5 13. Qe2 Qc7 14. b4 Bxf3 15. gxf3 Ncd7 16. Nb5 Qc6 17. Rac1 Rac8 18. Nd4 Qd6 19. Ba6 Rxc1 20. Rxc1 Qd5 21. Nc6 Qg5+ 22. Kh1 Bd6 23. f4 Qg4 24. Qxg4 Nxg4 25. Kg2 Ngf6 26. Bb7 Re8 27. Nxa7 e5 28. Nb5 Bb8 29. f5 g6 30. fxg6 fxg6 31. Rc8 Rxc8 32. Bxc8 Kf7 33. h3 Ke6 34. Bb7 e4 35. Bd4 Ne8 36. Bxe4 Nd6 37. Bc6 Nxb5 38. Bxb5 Bc7 39. Bc4+ Kf5 40. f3 Ne5 41. Bg8 h6 42. Bd5 Nd7 43. Be4+ Ke6 44. Bxg6 Bd8 45. f4 Bc7 46. Bg7 h5 47. Bxh5 Ke7 48. f5 Nf6 49. Bf3 Kf7 50. Bh6 Ke7 51. e4 Be5 52. Be3 Nd7 53. h4 Kf6 54. Bg5+ Kg7 55. h5 Kf7 56. h6 Bd4 57. Bh5+ Kf8 58. Bg6 Be5 59. Kh3 Nf6 60. Bxf6 Bxf6 61. a4 Ke7 62. a5 bxa5 63. bxa5 Kd8 64. a6 Kc7 65. Be8 Kb6 66. Bb5 Be5 67. Be2 Kc7 68. Kg4 Kb6 69. Kg5 Bh8 70. f6 Bxf6+ 71. Kxf6 Ka7 72. h7 Kb6 73. h8Q Ka5 74. Qb8 Ka4 75. Bc4 Ka5 76. Qb5# 1-0

[Event "ROM-ch U16 Girls"]
[Site "Calimanesti"]
[Date "2018.03.31"]
[Round "6"]
[White "Aciu, Malina Andreea"]
[Black "Hristea, Andreea Beatrice"]
[Result "1-0"]
[WhiteElo "2083"]
[BlackElo "1119"]
[PlyCount "77"]
[EventDate "2018.03.27"]
[EventType "swiss"]
[EventRounds "9"]
[EventCountry "ROU"]
[SourceTitle "CBM 183 Extra"]
[Source "ChessBase"]
[SourceDate "2018.04.19"]
[SourceVersion "1"]
[SourceVersionDate "2018.04.19"]
[SourceQuality "1"]

1. e4 c5 2. Nf3 e6 3. d4 cxd4 4. Nxd4 a6 5. c4 Nf6 6. Nc3 Qc7 7. Be2 d6 8. 0-0 Nbd7 9. f4 e5 10. Nc2 Be7 11. Ne3 0-0 12. Nf5 Nc5 13. fxe5 dxe5 14. Nxe7+ Qxe7 15. Bg5 Rd8 16. Nd5 Qe6 17. Nxf6+ Qxf6 18. Qxd8+ Qxd8 19. Bxd8 Nxe4 20. Bc7 f6 21. Bf3 Nc5 22. Bd5+ Kh8 23. Bxe5 Bd7 24. Bd4 Ne6 25. Rad1 Re8 26. Bxb7 Rb8 27. Bxa6 Ra8 28. Bb7 Rxa2 29. Be3 Nc5 30. Rfe1 h6 31. Bf3 Ra7 32. Bd4 Rc7 33. Bxc5 Rxc5 34. Rxd7 Kh7 35. Ree7 Rxc4 36. Rxg7+ Kh8 37. Rh7+ Kg8 38. Bd5+ Kf8 39. Rh8# 1-0

[Event "ROM-ch U16 Girls"]
[Site "Calimanesti"]
[Date "2018.03.29"]
[Round "4"]
[White "Paraschiv, Petronela Alexandra"]
[Black "Hristea, Andreea Beatrice"]
[Result "1-0"]
[WhiteElo "1739"]
[BlackElo "1119"]
[PlyCount "65"]
[EventDate "2018.03.27"]
[EventType "swiss"]
[EventRounds "9"]
[EventCountry "ROU"]
[SourceTitle "CBM 183 Extra"]
[Source "ChessBase"]
[SourceDate "2018.04.19"]
[SourceVersion "1"]
[SourceVersionDate "2018.04.19"]
[SourceQuality "1"]

1. d4 e6 2. Bf4 Nf6 3. e3 b6 4. Nf3 Bb7 5. Bd3 d5 6. h3 Be7 7. Nbd2 0-0 8. 0-0 Nbd7 9. c3 c5 10. Ne5 c4 11. Bc2 Nxe5 12. dxe5 Nd7 13. Bh2 Qc7 14. f4 f5 15. Nf3 Bc5 16. Qe2 Rfe8 17. g4 fxg4 18. hxg4 b5 19. Nd4 b4 20. Bg3 a5 21. Qh2 Nf8 22. Be1 Ba6 23. Rf3 Qf7 24. Rh3 g6 25. Bd2 Rab8 26. Nc6 Rbc8 27. Nxa5 Qc7 28. cxb4 Bb6 29. Ba4 Re7 30. Nc6 Rg7 31. Nd4 Qe7 32. Bc2 Bxd4 33. exd4 1-0

[Event "ROM-ch U16 Girls"]
[Site "Baile Felix"]
[Date "2017.02.05"]
[Round "5"]
[White "Secrieru, Maria Georgiana"]
[Black "Hristea, Andreea Beatrice"]
[Result "0-1"]
[WhiteElo "1457"]
[BlackElo "1081"]
[PlyCount "78"]
[EventDate "2017.02.02"]
[EventType "swiss"]
[EventRounds "9"]
[EventCountry "ROU"]
[SourceTitle "CBM 176 Extra"]
[Source "ChessBase"]
[SourceDate "2017.03.02"]
[SourceVersion "1"]
[SourceVersionDate "2017.03.02"]
[SourceQuality "1"]

1. e4 e5 2. g3 Nf6 3. Bg2 Nc6 4. Nc3 Bc5 5. Nge2 b6 6. d3 Bb7 7. 0-0 0-0 8. h3 Re8 9. Kh2 d6 10. f4 Nd4 11. Na4 Nxe2 12. Qxe2 Nd7 13. Bd2 Bc6 14. Nxc5 Nxc5 15. f5 d5 16. exd5 Bxd5 17. Bxd5 Qxd5 18. Bb4 a5 19. Bxc5 Qxc5 20. Rae1 f6 21. Qe4 Qxc2+ 22. Re2 Qc5 23. Rff2 Rad8 24. Kg2 Qd5 25. Rc2 Qxe4+ 26. dxe4 Rd7 27. Rfd2 Red8 28. Rxd7 Rxd7 29. Kf2 c5 30. Ke3 g6 31. g4 Kf7 32. a4 Rd4 33. b3 Rd1 34. Ke2 Rh1 35. Rc3 Rh2+ 36. Kd1 h5 37. Rg3 Rb2 38. gxh5 gxh5 39. Kc1 Re2 0-1